| 000 | 00409nam a22001697a 4500 | ||
|---|---|---|---|
| 003 | NUST - PNEC | ||
| 005 | 20170116181109.0 | ||
| 008 | 151003b xxu||||| |||| 00| 0 eng d | ||
| 020 | _a- | ||
| 040 | _cLIBRARY | ||
| 082 | _a621.9 HUN | ||
| 100 |
_912788 _aHunt, De Witt |
||
| 245 |
_aShop tools, care and repair. _cDe Witt Hunt |
||
| 260 | _ac1958 | ||
| 650 |
_912793 _aPower tools _xME |
||
| 942 |
_2ddc _cBK |
||
| 999 |
_c69040 _d69040 |
||